| 000 | 00809nam a2200265 a 4500 | ||
|---|---|---|---|
| 999 |
_c415343 _d415343 |
||
| 003 | BLK | ||
| 005 | 20241009173557.0 | ||
| 008 | 180408b bul|||||r ||||||| ||bul|| | ||
| 010 | _aKNG00078925000 | ||
| 020 | _a9786191643943 | ||
| 040 | _aBLK | ||
| 041 |
_aBUL _cBUL |
||
| 080 |
_aБългарска литература _b821.163.2 _x-31 _z821.163.2-31 |
||
| 100 | 1 |
_aЛеви, Ирен _eпърви автор _9296923 |
|
| 139 |
_aЛеви, Ирен _bЛ 35 |
||
| 245 | 1 | 0 |
_aАнгелски данък _cИрен Леви. |
| 257 | _aBGR | ||
| 260 |
_aСофия _bEnthusiast _c2021 _9215899 _n978-619-164- ; 978-954-2958- ; 978-954-8657- |
||
| 300 |
_a238 с. _c20 см |
||
| 380 | _aX | ||
| 856 | 4 | _qpdf | |
| 856 | 4 | _qpdf | |
| 942 |
_cKNG _n0 _s1 _036 |
||
| 944 |
_k30564 _lГалина Якимова |
||